Alanna Masterson Filmography - Statistics

General Stats
  • This quiz has been taken 4 times
  • The average score is 2 of 21
Answer Stats
Type Year Name % Correct
TV Show 2013-2019 The Walking Dead
100%
TV Show 2009 Grey's Anatomy
33%
TV Show 2013-2021 Talking Dead
33%
Film 2018 Afraid
0%
TV Show 2001 Definitely Maybe
0%
TV Show 2010 First Day
0%
TV Show TBA Gossamer
0%
TV Show 2008 Greek
0%
Film 2018 Irreplaceable You
0%
Film 2020 Kappa Kappa Die
0%
Web Series 2022 Leverage: Redemption
0%
TV Show 2006 Malcolm in the Middle
0%
TV Show 2014 Men at Work
0%
TV Show 2016 Mistresses
0%
Short Film 2019 Naysayer
0%
Web Series 2012 Park It Up
0%
Film 2011 Peach Plum Pear
0%
TV Show 2009 Terminator: The Sarah Connor Chronicles
0%
TV Show 2014 The Real Girl's Kitchen
0%
TV Show 1994 The Young and the Restless
0%
TV Show 2018 Younger
0%
No matching quizzes found
Score Distribution
Percent of People with Each Score
Percentile by Number Answered
Your Score History
You have not taken this quiz